Zákon o zdravotnom poistení
Úplné znenie zákona č. 580/2004 Z.z. o zdravotnom poistení a o zmene a doplnení zákona č. 95/2002 Z.z. o poisťovníctve a o zmene a doplnení niektorých zákonov v znení zákona č. 718/2004 Z.z., zákona č. 305/2005 Z.z., zákona č. 352/2005 Z.z. (úplné znenie vyhlásené zákonom č. 459/2005 Z.z.) a zákona...
Enregistré dans:
| Auteur principal: | |
|---|---|
| Format: | Chapitre de livre |
| Langue: | slovaque |
| Sujets: | |
| Tags: |
Pas de tags, Soyez le premier à ajouter un tag!
|
MARC
| LEADER | 00000naa$a2200000$$$4500 | ||
|---|---|---|---|
| 001 | 0039684 | ||
| 005 | 20230720074137.1 | ||
| 041 | 0 | |a slo | |
| 044 | |a SK | ||
| 245 | 1 | 0 | |a Zákon o zdravotnom poistení |c Ján Matlák |
| 520 | |a Úplné znenie zákona č. 580/2004 Z.z. o zdravotnom poistení a o zmene a doplnení zákona č. 95/2002 Z.z. o poisťovníctve a o zmene a doplnení niektorých zákonov v znení zákona č. 718/2004 Z.z., zákona č. 305/2005 Z.z., zákona č. 352/2005 Z.z. (úplné znenie vyhlásené zákonom č. 459/2005 Z.z.) a zákona č. 660/2005 Z.z. Komentár k zákonu o zdravotnom poistení, ktorý nadobudol účinnosť 1.1.2005 okrem § 25 ods. 1 písm.c), ktorý nadobudol účinnosť 1.1.2006. | ||
| 610 | 2 | 0 | |a zdravotníctvo verejné |
| 610 | 2 | 0 | |a zákony |
| 610 | 2 | 0 | |a poistenie zdravotné |
| 610 | 2 | 0 | |a poistenci |
| 610 | 2 | 0 | |a poisťovne zdravotné |
| 610 | 2 | 0 | |a starostlivosť zdravotná |
| 610 | 2 | 0 | |a poistné |
| 610 | 2 | 0 | |a preddavky |
| 610 | 2 | 0 | |a základ vymeriavací |
| 100 | 1 | |a Matlák, Ján | |